| 000 | 00643nam a2200217 a 4500 | ||
|---|---|---|---|
| 999 |
_c4441 _d4441 |
||
| 001 | 4441 | ||
| 003 | BD-JhCC | ||
| 005 | 20171127172010.0 | ||
| 008 | 171127s1973 bg |||| |||| 000 0 ben d | ||
| 035 | _a(BD-JhCC) 4441 | ||
| 040 |
_aBD-JhCC _dBD-JhCC |
||
| 041 | _aben | ||
| 082 |
_a910.4 _bNOZ 1973 |
||
| 100 | _aনজীর, আহমেদ | ||
| 245 |
_aশ্বেতাঙ্গিনীর দেশে / _cআহমেদ নজীর |
||
| 260 |
_aঢাকা : _bমুক্তধারা, _c১৯৭৩. |
||
| 300 |
_a২০৬ পৃ. : _c২১ সেমি. |
||
| 650 | _aTravelogue | ||
| 942 |
_2ddc _cBK |
||